| 000 | 00879cam a22002771 4500 | ||
|---|---|---|---|
| 001 | sd 32000018 | ||
| 003 | DLC | ||
| 005 | 20260227112732.0 | ||
| 008 | 801105s1931 nyu u000 0 eng c | ||
| 010 | _asd 32000018 | ||
| 035 | _a(OCoLC)6904680 | ||
| 040 |
_aU. S. Dept. of State Library _cOkTahN _dDLC |
||
| 042 | _apremarc | ||
| 043 |
_ae-au--- _ae-ge--- |
||
| 050 | 0 | 0 |
_aHF1733.G4 _bA45 |
| 110 | 2 | _aAmerican Foundation. | |
| 245 | 1 | 4 | _aThe world court's advisory opinion on the Austro-German customs union case. |
| 260 |
_aNew York, _bAmerican Foundation, incorporated, _c1931. |
||
| 300 |
_a39 p. _c26 cm. |
||
| 500 | _aCover title. | ||
| 610 | 2 | 0 | _aPermanent Court of International Justice. |
| 651 | 0 |
_aGermany _xForeign relations _zAustria. |
|
| 651 | 0 |
_aAustria _xForeign relations _zGermany. |
|
| 740 | 0 | _aWorld court. | |
| 740 | 0 | _aAustro-German customs union. | |
| 999 |
_c89799 _d89799 |
||